000 00645nam a2200265Ia 4500
005 20260121173705.0
008 008 260114s9999 xx 000 0 eng d
020 _a9788132223047
037 _aEBOOK
040 _aCRL
040 _beng
040 _cCRL
041 _2eng
041 _aeng
084 _qCRL
100 _aSiby K. George
_91103999
245 0 _aHeidegger and Development in the Global South
260 _bSpringer
260 _bSpringer
260 _c2015
856 _uhttps://link.springer.com/openurl?genre=book&isbn=978-81-322-2304-7
942 _cEBOOK
999 _c1669747
_d1669747